Cartography in the age of geographic information science

Bibliographic Details
Main Author: Wood, Michael (Author)
Format: Article
Language:Slovak
English
ISSN:0016-7193
Subjects:

MARC

LEADER 00000nab a2200000 a 4500
001 vtls000865190
003 SK-MaSNL
005 20260304120651.0
008 250429c2003 xo 0 slo
015 |a SNBRB2004/03-07621 
035 |a CLN000216742 
035 |a urn:nbn:sk:snk-ab23pq 
035 |a (urnnbn)urn:nbn:sk:snk:ar-a01ies 
035 |a (uuid)30a451a4-39da-4191-8e17-f17546a23c41 
040 |a SNKBUCL  |b slo  |c SNKBUCL  |e AACR2 
041 0 |a eng 
044 |a xo  |c SK 
080 |a 528.9:910.1  |2 1997 
080 |a 910.1  |2 1997 
080 |a 004.9:91  |2 1997 
080 |a 621.311.1:004.9:91  |2 1997 
080 |a 623.64:910.1  |2 1997 
100 1 |a Wood, Michael  |4 aut  |9 597968 
245 1 0 |a Cartography in the age of geographic information science  |c Michael Wood 
504 |a Res. slov. 
504 |a Bibliogr. odkazy a pozn. 
650 0 7 |a kartografia  |2 SNKPH  |9 820 
650 0 7 |a geografické informačné systémy  |2 SNKPH  |9 1861 
655 7 |a články z novín a časopisov  |2 SNK  |9 267496 
773 0 |t Geografický časopis  |g Roč. 55, č. 4 (2003), s. 267-278  |x 0016-7193 
850 |a Slovenská národná knižnica 
852 |a Slovenská národná knižnica 
958 |a article27 
958 |a NB 
958 |a GB 
958 |a OND 
958 |a EUIPO 
992 |a RBX 
999 |c 2880981  |d 2882911